Nihon Kyōsantō chūōbu kankei hikokunin ni taisuru Tōkyō Chihō Saibansho hanketsu,

Saved in:
Bibliographic Details
Corporate Author: Japan. Chihō Saibanshō (Tokyo)
Format: Book
Language:Japanese
Published: Kyōto, Tōyō Bunkasha, 1973.
Series:Shakai mondai shiryō sōsho.
Shisō kenkyū shiryō. Tokushū ; dai 2-gō.
Subjects:
Tags: Add Tag
No Tags, Be the first to tag this record!
LEADER 01603cam a2200349 4500
001 007741374-1
005 20024617120653.0
008 910617r19731932ja 000 0 jpn
010 |a 74802603 /J 
015 |a Ja74-1948 
035 0 |a ocm23943909 
040 |a DLC  |c CLU  |d *YNH*  |d CStRLIN 
110 1 |6 880-01  |a Japan.  |b Chihō Saibanshō (Tokyo) 
245 1 0 |6 880-02  |a Nihon Kyōsantō chūōbu kankei hikokunin ni taisuru Tōkyō Chihō Saibansho hanketsu,  |c Tōkyō Chihō Saibansho hen. 
260 |6 880-03  |a Kyōto,  |b Tōyō Bunkasha,  |c 1973. 
300 |a 377 p.  |c 22 cm. 
490 1 |6 880-04  |a Shakai mondai shiryō sōsho. Dai 1-shū 
500 |6 880-05  |a Reprint of the 1932 ed. which was issued as Shihōshō Keijikyoku "Shisō kenkyū shiryō" tokushū dai 2-gō. 
650 0 |a Communist trials  |z Japan. 
610 2 0 |6 880-06  |a Nihon Kyōsantō. 
880 1 |6 110-01  |a Japan.  |b 地方裁判所 (Tokyo) 
880 1 0 |6 245-02  |a 日本共産党中央部関係被告人に対する東京地方裁判所判決,  |c 東京地方裁判所編. 
880 |6 260-03  |a 京都,  |b 東洋文化社,  |c 1973. 
880 1 |6 490-04  |a 社会問題資料叢書. 第1輯 
880 |6 500-05  |a Reprint of the 1932 ed. which was issued as 司法省刑事局「思想研究資料」特輯第2号. 
880 2 0 |6 610-06  |a 日本共産党. 
830 0 |6 880-54  |a Shakai mondai shiryō sōsho.  |n Dai 1-shū. 
880 0 |6 830-54  |a 社会問題資料叢書.  |n 第1輯. 
830 0 |6 880-07  |a Shisō kenkyū shiryō.  |p Tokushū ;  |v dai 2-gō. 
880 0 |6 830-07  |a 思想研究資料.  |p 特輯,  |v 第2号. 
988 |a 20021214 
906 |0 DLC